000 00367 a2200145 4500
005 20250615073237.0
020 _a0-07-089068-4
082 _a657 COL
245 _aCollege Accounting
250 _a3rd Ed.
260 _aNew York,
_bMc Graw Hill,
_c2001.
300 _axiv,418.; ill.; figure, table
_bIndex & Glossary
_c28cm
700 _aPRICE, J. E.
942 _2ddc
_cBKS
999 _c4087
_d4087